书目信息 |
| 题名: |
剑与火的海洋
|
|
| 作者: | 柴洪 , 冯旭 编著 | |
| 分册: | ||
| 出版信息: | 北京 知识出版社 1999.03 |
|
| 页数: | 167页 | |
| 开本: | 32开 | |
| 丛书名: | ||
| 单 册: | ||
| 中图分类: | E19 | |
| 科图分类: | ||
| 主题词: | 军事--世界 | |
| 电子资源: | ||
| ISBN: | 7-5015-1844-0 | |
| 000 | 00570nam0 2200205 45 | |
| 001 | 0010250827 | |
| 005 | 20001025085753.4 | |
| 010 | @a7-5015-1844-0@d8.00元 | |
| 100 | @a20001025d1999 km y0chiy0120 ea | |
| 101 | 0 | @achi |
| 105 | @a z 000yy | |
| 200 | 1 | @a剑与火的海洋@AJian Yu Huo De Hai Yang@f柴洪,冯旭编著@FChai Hong,Feng Xu Bian Zhu |
| 210 | @a北京@c知识出版社@d1999.03 | |
| 215 | @a167页@d32开 | |
| 606 | 0 | @a军事@x世界 |
| 690 | @aE19@v3 | |
| 701 | 0 | @a柴洪@4编著 |
| 701 | 0 | @a冯旭@4编著 |
| 801 | @aCN@bPftUser@c20001025 | |
| 905 | @b186596-600@dE19@eC.294@f5 | |
| 剑与火的海洋/柴洪,冯旭编著.-北京:知识出版社,1999.03 |
| 167页;32开 |
| ISBN 7-5015-1844-0:8.00元 |
| ● |
| 相关链接 |
|
|
|
正题名:剑与火的海洋
索取号:E19/C.294
 
预约/预借
| 序号 | 登录号 | 条形码 | 馆藏地/架位号 | 状态 | 备注 |
| 1 | 186596 | 201865963 | 社科库509/509社科库 114排2列1层/ [索取号:E19/C.294] | 在馆 | |
| 2 | 186597 | 201865972 | 社科库509/509社科库 114排2列1层/ [索取号:E19/C.294] | 在馆 | |
| 3 | 186598 | 201865981 | 社科库509/509社科库 114排2列1层/ [索取号:E19/C.294] | 在馆 | |
| 4 | 186599 | 201865990 | 社科库509/509社科库 114排2列1层/ [索取号:E19/C.294] | 在馆 | |
| 5 | 186600 | 201866007 | 社科库509/509社科库 114排2列1层/ [索取号:E19/C.294] | 在馆 |